[Event "Roncana op-B 13th"]
[Site "Santa Eulalia de Roncana"]
[Date "2019.11.16"]
[Round "7"]
[White "Apinyan, Marc"]
[Black "Alcantara Ruiz, Natalia"]
[Result "1-0"]
[WhiteElo "1425"]
[BlackElo "1550"]
[PlyCount "41"]
[EventDate "2019.09.28"]
[EventType "swiss"]
[EventRounds "8"]
[EventCountry "ESP"]
[SourceTitle "CBM 193 Extra"]
[Source "ChessBase"]
[SourceDate "2020.01.31"]
[SourceVersion "1"]
[SourceVersionDate "2020.01.31"]
[SourceQuality "1"]

1. d4 d5 2. Nf3 Nf6 3. Bg5 e6 4. e3 Be7 5. c4 b6 6. Nc3 Bb7 7. Bd3 dxc4 8. Bxc4 Nbd7 9. 0-0 0-0 10. Re1 c5 11. Qe2 cxd4 12. exd4 Re8 13. Rad1 Qc7 14. d5 e5 15. Nb5 Qb8 16. d6 Bd8 17. Bxf6 Nxf6 18. Nxe5 Rf8 19. Nxf7 Rxf7 20. Qe8+ Nxe8 21. Rxe8# 1-0

[Event "Roncana op-B 13th"]
[Site "Santa Eulalia de Roncana"]
[Date "2019.10.19"]
[Round "4"]
[White "Garre Montes, Marc"]
[Black "Alcantara Ruiz, Natalia"]
[Result "1/2-1/2"]
[WhiteElo "1305"]
[BlackElo "1550"]
[PlyCount "113"]
[EventDate "2019.09.28"]
[EventType "swiss"]
[EventRounds "8"]
[EventCountry "ESP"]
[SourceTitle "CBM 193 Extra"]
[Source "ChessBase"]
[SourceDate "2020.01.31"]
[SourceVersion "1"]
[SourceVersionDate "2020.01.31"]
[SourceQuality "1"]

1. e4 c5 2. Bc4 e6 3. Nc3 a6 4. a3 b5 5. Ba2 Bb7 6. d3 Nc6 7. Nge2 d6 8. 0-0 Be7 9. f4 Nf6 10. Ng3 0-0 11. f5 Qd7 12. Bg5 Rad8 13. Bxf6 Bxf6 14. Nh5 Bd4+ 15. Kh1 exf5 16. Rxf5 Ne7 17. Rg5 Ng6 18. Nd5 Bxd5 19. Bxd5 Bxb2 20. Rb1 Bd4 21. Qf3 Rde8 22. Rf1 Re5 23. Rxe5 Bxe5 24. Qe2 Ne7 25. Bb3 Bd4 26. Qf3 Ng6 27. Nf4 Ne5 28. Qg3 Qg4 29. Qxg4 Nxg4 30. h3 Ne3 31. Rf3 c4 32. dxc4 bxc4 33. Ba4 Rc8 34. Nd5 Nxd5 35. exd5 Be5 36. Kg1 f6 37. Kf1 Rc5 38. Bc6 Ra5 39. a4 Kf8 40. Ke2 Kf7 41. h4 h6 42. g4 Ke7 43. Kd2 Kd8 44. h5 Kc7 45. c3 Kd8 46. Kc2 Ke7 47. Rf5 Kf7 48. Kd2 g6 49. hxg6+ Kxg6 50. Be8+ Kg7 51. Bc6 Kf7 52. Kc2 Kg6 53. Be8+ Kg7 54. Bc6 Kf8 55. Kd2 Rc5 56. Kc2 Kg7 57. Kd2 1/2-1/2

[Event "Llinars del Valles op-B 12th"]
[Site "Llinars del Valles"]
[Date "2018.05.19"]
[Round "5.21"]
[White "Alcantara Ruiz, Natalia"]
[Black "Sanchez Parare, Loresmar Karin"]
[Result "1-0"]
[WhiteElo "1357"]
[BlackElo "1546"]
[PlyCount "83"]
[EventDate "2018.04.14"]
[EventType "swiss"]
[EventRounds "8"]
[EventCountry "ESP"]
[SourceTitle "CBM 184 Extra"]
[Source "ChessBase"]
[SourceDate "2018.06.28"]
[SourceVersion "1"]
[SourceVersionDate "2018.06.28"]
[SourceQuality "1"]

1. e4 c5 2. Nf3 e6 3. b3 a6 4. Bb2 Nc6 5. c4 b6 6. Be2 Bb7 7. Qc2 Qc7 8. h3 Be7 9. Bxg7 Bf6 10. Bxh8 Bxa1 11. Bxa1 Nb4 12. Qb2 0-0-0 13. a3 Nc6 14. d4 cxd4 15. Nxd4 Nge7 16. Nxc6 Bxc6 17. Nd2 Rg8 18. Bf3 Ng6 19. Qf6 d6 20. Rg1 e5 21. c5 bxc5 22. Nc4 Rd8 23. Bc3 Bb5 24. Ba5 Qe7 25. Qxe7 Nxe7 26. Bxd8 Kxd8 27. Nxd6 Nc6 28. Nxb5 axb5 29. Kd2 Nd4 30. Kc3 Kc7 31. Re1 Kb6 32. b4 f6 33. bxc5+ Kxc5 34. Rd1 h6 35. Bg4 Kb6 36. Rxd4 exd4+ 37. Kxd4 Kc6 38. e5 fxe5+ 39. Kxe5 Kc5 40. f4 Kc6 41. Ke6 Kc5 42. f5 1-0

[Event "Llinars del Valles op 11th B"]
[Site "Llinars del Valles"]
[Date "2017.06.03"]
[Round "7.20"]
[White "Alcantara Ruiz, Natalia"]
[Black "Bosch Ricart, Joan"]
[Result "0-1"]
[WhiteElo "1295"]
[BlackElo "1692"]
[PlyCount "122"]
[EventDate "2017.04.22"]
[EventType "swiss"]
[EventRounds "9"]
[EventCountry "ESP"]
[SourceTitle "EXT 2024"]
[Source "ChessBase"]
[SourceDate "2023.10.10"]
[SourceVersion "1"]
[SourceVersionDate "2023.10.10"]
[SourceQuality "1"]

1. d4 d5 2. e3 Nf6 3. Nf3 c6 4. c4 e6 5. Nc3 Nbd7 6. Bd3 Be7 7. c5 Qc7 8. b4 e5 9. dxe5 Nxe5 10. Nxe5 Qxe5 11. Bb2 Qg5 12. Qf3 Bg4 13. Qf4 Qxf4 14. exf4 0-0 15. f5 g6 16. h3 Bxf5 17. Bxf5 gxf5 18. g4 f4 19. Ne2 Rfe8 20. f3 a5 21. Kf1 axb4 22. Nxf4 Nd7 23. Nd3 Bxc5 24. Nxc5 Nxc5 25. Rh2 Re6 26. Re2 Rxe2 27. Kxe2 Re8+ 28. Kd2 Re6 29. Bd4 Na4 30. a3 b3 31. Rb1 c5 32. Bf2 Rb6 33. Be1 c4 34. Bf2 Rb5 35. Bd4 b6 36. h4 Ra5 37. Re1 Ra8 38. Rb1 Rc8 39. Bc3 Nxc3 40. Kxc3 Kf8 41. Rd1 Rc5 42. Rd2 Ke7 43. f4 f6 44. f5 Kd6 45. Re2 Rc6 46. g5 Kc5 47. g6 d4+ 48. Kb2 Rc7 49. h5 d3 50. Rd2 Kd4 51. Rd1 c3+ 52. Kxb3 c2 53. Rc1 d2 54. Rf1 d1Q 55. Rxd1+ cxd1Q+ 56. Kb4 Qxh5 57. gxh7 Qxh7 58. a4 Qe7+ 59. Kb3 Rc3+ 60. Kb2 Qb4+ 61. Ka1 Ra3# 0-1

[Event "Roncana op-C 9th"]
[Site "Santa Eulalia de Roncana"]
[Date "2015.10.17"]
[Round "2"]
[White "Alcantara Ruiz, Natalia"]
[Black "Salvany Alonso, Artur"]
[Result "0-1"]
[WhiteElo "1713"]
[BlackElo "1730"]
[PlyCount "110"]
[EventDate "2015.10.03"]
[EventType "swiss"]
[EventRounds "8"]
[EventCountry "ESP"]
[SourceTitle "EXT 2017"]
[Source "ChessBase"]
[SourceDate "2016.10.25"]
[SourceVersion "1"]
[SourceVersionDate "2016.10.25"]
[SourceQuality "1"]

1. e4 e5 2. Nf3 Nc6 3. d4 exd4 4. c3 d5 5. exd5 Qxd5 6. cxd4 Bb4+ 7. Nc3 Bg4 8. Be2 Qa5 9. 0-0 0-0-0 10. Be3 Bxc3 11. bxc3 Qxc3 12. Rc1 Qb2 13. Rc2 Qb4 14. Rd2 Nf6 15. h3 Bh5 16. g4 Bg6 17. d5 Ne7 18. d6 Rxd6 19. Rxd6 Qxd6 20. Qxd6 cxd6 21. Bxa7 Ned5 22. Rc1+ Kd7 23. Bb5+ Ke6 24. Re1+ Be4 25. Ng5+ Ke7 26. Nxe4 Nxe4 27. Rxe4+ Kd8 28. Rd4 Nc3 29. Rxd6+ Kc7 30. Rb6 Ra8 31. Bc4 Rxa7 32. Rb3 Nxa2 33. Rf3 f6 34. Bxa2 Rxa2 35. g5 Ra6 36. h4 b5 37. gxf6 Rxf6 38. Rc3+ Rc6 39. Rb3 Rc1+ 40. Kg2 Kc6 41. Kf3 Kc5 42. Ke3 Kc4 43. Rb2 b4 44. Kd2 Rc3 45. Rc2 Kb3 46. Rxc3+ bxc3+ 47. Kc1 h6 48. h5 c2 49. f3 Kc3 50. f4 Kd4 51. f5 Ke5 52. Kxc2 Kxf5 53. Kd2 Kg5 54. Ke2 Kxh5 55. Kf2 g5 0-1

[Event "Roncana op-C 8th"]
[Site "Santa Eulalia de Roncana"]
[Date "2014.11.29"]
[Round "7"]
[White "Alcantara Ruiz, Natalia"]
[Black "Quinones Gomez, Valentina Ximena"]
[Result "1-0"]
[WhiteElo "1725"]
[BlackElo "1700"]
[PlyCount "81"]
[EventDate "2014.10.11"]
[EventType "swiss"]
[EventRounds "8"]
[EventCountry "ESP"]
[SourceTitle "EXT 2022"]
[Source "ChessBase"]
[SourceDate "2021.10.06"]
[SourceVersion "1"]
[SourceVersionDate "2021.10.06"]
[SourceQuality "1"]

1. e4 e5 2. Nf3 Nc6 3. d4 Nf6 4. Bg5 d6 5. Bb5 Bd7 6. Bxc6 Bxc6 7. Nc3 Qe7 8. 0-0 0-0-0 9. Qc1 exd4 10. Nd5 Bxd5 11. exd5 Qe4 12. c4 c6 13. dxc6 Qxc6 14. Nxd4 Qe4 15. Nf3 Be7 16. Re1 Qf5 17. Rxe7 Rhe8 18. Rxf7 Qg6 19. Rxf6 gxf6 20. Bf4 Rg8 21. g3 Qg4 22. Kg2 Rg6 23. Ng1 Re8 24. c5 d5 25. c6 b6 26. Bd2 Qe4+ 27. Nf3 Qd3 28. Qc3 Qxc3 29. Bxc3 f5 30. Nd4 f4 31. Re1 Rf8 32. Re7 h5 33. Rxa7 Kd8 34. Ra8+ Ke7 35. Rxf8 Kxf8 36. c7 Kf7 37. c8Q Kf6 38. Qe6+ Kg5 39. Qxd5+ Kg4 40. Qf3+ Kg5 41. Qxf4# 1-0

[Event "Roncana op-C 8th"]
[Site "Santa Eulalia de Roncana"]
[Date "2014.11.22"]
[Round "6"]
[White "Company Fernandez, Miquel"]
[Black "Alcantara Ruiz, Natalia"]
[Result "1/2-1/2"]
[WhiteElo "1700"]
[BlackElo "1725"]
[PlyCount "70"]
[EventDate "2014.10.11"]
[EventType "swiss"]
[EventRounds "8"]
[EventCountry "ESP"]
[SourceTitle "EXT 2022"]
[Source "ChessBase"]
[SourceDate "2021.10.06"]
[SourceVersion "1"]
[SourceVersionDate "2021.10.06"]
[SourceQuality "1"]

1. e4 c5 2. Nf3 d6 3. d4 cxd4 4. Qxd4 Nc6 5. Qa4 Bd7 6. Nc3 g6 7. Be3 Bg7 8. Qb3 Nf6 9. Qxb7 0-0 10. 0-0-0 Re8 11. Bb5 Qc8 12. Qxc8 Rexc8 13. Ba6 Rcb8 14. Kb1 Nb4 15. Bc4 Bg4 16. a3 Nc6 17. h3 Bxf3 18. gxf3 Ne5 19. Bd5 Nxf3 20. Bxa8 Rxa8 21. Nb5 a6 22. Nc7 Rb8 23. Nxa6 Rb7 24. Nb4 Nxe4 25. Rhf1 Nh2 26. Rg1 Nf3 27. Rg2 Rb5 28. Rg4 Nf6 29. Rf4 Ng5 30. h4 Nh3 31. Rc4 Nd7 32. Rc8+ Nf8 33. c3 Bf6 34. a4 Ra5 35. Rh1 Nxf2 1/2-1/2